Modern statistics for the life sciences
Αποθηκεύτηκε σε:
| Κύριος συγγραφέας: | |
|---|---|
| Άλλοι συγγραφείς: | |
| Μορφή: | Βιβλίο |
| Γλώσσα: | English |
| Δημοσίευση: |
Oxford :
Oxford University Press,
2002
|
| Θέματα: | |
| Ετικέτες: |
Προσθήκη ετικέτας
Δεν υπάρχουν, Καταχωρήστε ετικέτα πρώτοι!
|
MARC
| LEADER | 00000nam a2200000 i 4500 | ||
|---|---|---|---|
| 001 | 1/93717 | ||
| 008 | 080912s2002 eng d | ||
| 020 | |a 978-0-19-925231-2 | ||
| 035 | |l 10100090 | ||
| 040 | |a GR-MY-UA |b gre |e aacr | ||
| 041 | 0 | |a eng | |
| 082 | 0 | |a 570.724 |2 (22) | |
| 100 | 1 | |a Grafen, Alan. | |
| 245 | 1 | 0 | |a Modern statistics for the life sciences / |c Alan Grafen, Rosie Hails |
| 260 | |a Oxford : |b Oxford University Press, |c 2002 | ||
| 300 | |a xv, 351 σ.; |b εικ., πίν., σχέδια, διαγρ. ; |c 25 εκ. | ||
| 500 | |a Περιέχει περίληψη στο τέλος κάθε κεφαλαίου | ||
| 504 | |a Βιβλιογραφία: σ. [343]-344 | ||
| 504 | |a Ευρετήριο: σ. [345]-351 | ||
| 650 | 0 | 0 | |a Mathematical statistics. |
| 650 | 0 | 0 | |a Life sciences |x Statistical methods. |
| 700 | 1 | |a Hails, Rosemary. | |
| 852 | |a INST |b LESVOS |e 20080912 |h 570.724 GRA |p 005100044435 |q 005100044435 |t BK |y 0 | ||
| 901 | |a BIBL1-2008-3 | ||
| 909 | |a Λ |b 144704 | ||
| 922 | |a 1ΕΛΗ |b 200801 |c ΕΠΕΑΕΚ2/ΤΕΘ |d ΠΑΠΑΣΩΤΗΡΙΟΥ | ||
| 970 | |a ΓΙΑΛΑΜΑ |b ΜΑΡΙΑ |z 2008/09/12 | ||